000 02316nam a2200457 c 4500
003 BLK
005 20250724110657.0
008 180413b bul|||||r ||||||| ||bul||
020 _a9545280948
040 _aBLK
041 _aBUL
_cBUL
080 _aШпионаж. Политическо влияние чрез тайни (разузнавателни) служби
_b327.84
_x(430-11)(093.3)
_z327.84(430-11)(093.3)
080 _aОргани на обществения ред. Полиция. Обществена власт. Доброволни отреди. Държавна сигурност. Милиция. Дейност на полицията по вътрешно разузнаване
_b351.74
_x(430-11)(093.3)
_z351.74(430-11)(093.3)
100 1 _aВолф, Маркус
_eпърви автор
_9265168
139 _aВолф, Маркус
_bВ 83
245 1 0 _aСупершпионин
_bАвтобиогр. на супершпионина на комунизма
_cМаркус Волф; съвм. с Ан Макелвой; прев. от англ. Георги Илиев.
257 _aDEU
260 _bТруд
_c1998
_fСофия : Д. Благоев
300 _a398 с.
_c21 см
380 _a3
490 _aПоредица Строго секретно
500 _aПрев. от англ. изд. Man Without a Face / Markus Wolf with Ane McElvoy ; Ориг. загл. на нем. ез. - 4 400 тир.
650 4 _aРазузнаване - ГДР
_9265169
650 4 _aДържавна сигурност - ГДР
_9265170
650 4 _aШпионаж и диверсия - ГДР - спомени
_9265171
651 4 _aГДР
_9178750
651 4 _aГермания
_9178754
653 _aшпионаж
653 _aразузнаване
653 _aдържавна сигурност
653 _aспомени
700 1 _aМакелвой, Ан
_eсъвм. с
_991193
700 1 _aИлиев, Георги
_eпрев. от англ.
_gХаджиев, Георги Илиев
_9364007
852 _aЦб 196951
856 4 _qpdf
_u
856 4 _qpdf
_u
942 _cKNG
_n0
_012
944 _aCR
_c15.01.2003
_k30556
_lТеодора Пейчева-Дянкова
944 _aED
_c17.10.2016
_kСтанимира_Цанева
999 _c20847
_d20847
999 _d20847